| 000 | 02274ncm0a2200397 4500 | ||
|---|---|---|---|
| 001 | RU\NLR\ONIZ\223554 | ||
| 005 | 20260406111235.0 | ||
| 035 | _aRU\NLR\ONIZ\natafirs\5000002582\20180507120638 | ||
| 035 | _a(NLR Aleph) 011695337 | ||
| 071 | 2 | 0 | _aс 2315 к |
| 090 |
_a11360949 _c11360949 |
||
| 100 | _a20180507d1996 |||y0rusy50 ca | ||
| 101 | 0 |
_aeng _arus |
|
| 102 | _aRU | ||
| 125 | _aay | ||
| 145 | 0 | _ab | |
| 200 | 1 |
_aБитлз для двоих _bНоты _eдля дуэта гитар _fперелож. В. Бровко |
|
| 210 |
_aСанкт-Петербург _cКомпозитор - Санкт-Петербург _dcop. 1996 |
||
| 215 |
_a36 с. _cил. _d29 см |
||
| 300 | _aЛит. текст англ.: с. 30-36 | ||
| 313 | _aСистематизация документа проведена по изданию - Методика классифицирования музыкальных произведений (нотных изданий) по таблицам Библиотечно-библиографических классификаций : метод. рекомендации / Гос. б-ка СССР им. В.И. Ленина.- М., 1977. Индексу ББК методических рекомендаций присваивается код ББК для научных библиотек - LBC/SL | ||
| 327 | 1 | _a1. Michelle ; 2. And i love her ; 3. If i fell ; 4. Let it be ; 5. Ticket to Ride ; 6. In my life ; 7. All my loving | |
| 606 | 1 |
_aВокально-инструментальные ансамбли _yВеликобритания _z20 век _2nlr_sh |
|
| 606 | 1 |
_aПереложения для дуэта гитар _yРоссия _z20 век _2nlr_sh |
|
| 686 |
_aЩ952.634.9-094(4Вл)я44 _vLBC/SL _2rubbk |
||
| 702 | 1 |
_9z01790 _aБровко _bВ. Л. _f1950- _gВалерий Леонардович _4030 _7ca |
|
| 710 | 0 | 2 |
_a"Битлз", ансамбль _cВеликобритания _3RU\NLR\AUTH\886735 _9285385 |
| 790 | 1 |
_9z01702 _aBrovko _bV. L. _f1950- _gValerij Leonardovič _4030 _7ba |
|
| 801 | 0 |
_aRU _bNLR _c20180507 _gPSBO |
|
| 801 | 1 |
_aRU _bNLR _c20180507 _2rusmarc |
|
| 801 | 2 |
_aRU _bNLR _c20191016 |
|
| 852 |
_aNLR _bМ _jК-3/26412 _p278979 _t1 |
||
| 942 | _cSCORE | ||
| 980 | _aNB | ||
| 980 | _aONIZ | ||